00370nam a2200121Ia 4500008004100000040001500041041001200056082002000068100001600088245008900104260004000193300001500233230917s9999||||xx |||||||||||||| ||und|| e9063aMAIN aEnglish a362.60973 L955S aLowy, Louis 0aSocial policies and programs on aging: What is and what should be in the later years aMaddachusettsbLexigton Booksc1980 axv, 267 p.